000
00187 a2200097 4500
001
20644
100
_a
G S I
245
_a
Popular science
260
_a
_b
G S I
_c
090
_c
14953
_d
14953
942
_a
NUST-CAE
_c
M
_c
5506
999
_c
255717
_d
255717